| 000 | 01176cam a2200301 a 4500 | ||
|---|---|---|---|
| 999 |
_c3669 _d3669 |
||
| 001 | 4962778 | ||
| 003 | OSt | ||
| 005 | 20191022150001.0 | ||
| 008 | 970521s1998 nyua b 001 0 eng | ||
| 010 | _a 97024252 | ||
| 020 | _a0471169226 (cloth : alk. paper) | ||
| 040 |
_aDLC _cDLC _dDLC |
||
| 050 | 0 | 0 |
_aQC381 _b.D48 1998 |
| 082 | 0 | 0 |
_a535 _bDIT 1997 |
| 100 | 1 |
_aDitteon, Richard, _d1953- _98156 |
|
| 245 | 1 | 0 | _aModern Geometrical Optics |
| 260 |
_aNew York : _bWiley, _c1998. |
||
| 300 |
_axiv, 439 p. : _bill. ; _c25 cm. |
||
| 500 | _a"A Wiley-Interscience publication." | ||
| 504 | _aIncludes bibliographical references and index. | ||
| 650 | 0 |
_aGeometrical optics. _98157 |
|
| 856 | 4 | 2 |
_3Contributor biographical information _uhttp://www.loc.gov/catdir/bios/wiley047/97024252.html |
| 856 | 4 | 2 |
_3Publisher description _uhttp://www.loc.gov/catdir/description/wiley031/97024252.html |
| 856 | 4 | 1 |
_3Table of contents _uhttp://www.loc.gov/catdir/toc/wiley022/97024252.html |
| 906 |
_a7 _bcbc _corignew _d1 _eocip _f19 _gy-gencatlg |
||
| 942 |
_2ddc _cSLOAN |
||